| 000 | 00483nam a2200169 a 4500 | ||
|---|---|---|---|
| 001 | 4111 | ||
| 005 | 20140414132038.0 | ||
| 008 | 090202s19uu xx 00 eng d | ||
| 020 | _a0-439-72756-1 | ||
| 050 |
_aTR _bH51 2005 |
||
| 100 | _aWeston, Tamson | ||
| 245 |
_aHey, pancakes! / _cwords by Tamson Weston ; pictures by Stephen Gammell. |
||
| 260 |
_aNew York : _bScholastic, _cc2005. |
||
| 300 | _a1 v. (unpaged) : col., ill. ; | ||
| 700 | _aGammell, Stephen | ||
| 999 |
_c113784 _d113784 |
||